<?xml version="1.0" encoding="UTF-8"?>
<record
    xmlns:xsi="http://www.w3.org/2001/XMLSchema-instance"
    xsi:schemaLocation="http://www.loc.gov/MARC21/slim http://www.loc.gov/standards/marcxml/schema/MARC21slim.xsd"
    xmlns="http://www.loc.gov/MARC21/slim">

  <leader>01628nam a2200241Ia 4500</leader>
  <controlfield tag="001">b4894-32128 </controlfield>
  <controlfield tag="003">IT-MiCISF</controlfield>
  <controlfield tag="005">20250721135734.0</controlfield>
  <controlfield tag="008">161014s9999||||xx |||||||||||||| ||und||</controlfield>
  <datafield tag="040" ind1=" " ind2=" ">
    <subfield code="a">IT-MiCISF</subfield>
    <subfield code="c">IT-MiCISF</subfield>
  </datafield>
  <datafield tag="041" ind1=" " ind2=" ">
    <subfield code="a">it</subfield>
  </datafield>
  <datafield tag="100" ind1=" " ind2=" ">
    <subfield code="a">Ufficio Nazionale della CEI per la Pastorale della Famiglia (a cura di)</subfield>
    <subfield code="9">62499</subfield>
  </datafield>
  <datafield tag="245" ind1=" " ind2="0">
    <subfield code="a">La reciprocit&#xE0; verginit&#xE0;-matrimonio. Profezia di comunione nella Chiesa sposa.</subfield>
    <subfield code="b"> Atti del seminario di studio organizzato da CEI-Uff. Naz. per la Pastorale della Famiglia, U.S.M.I., C.I.S.M.</subfield>
  </datafield>
  <datafield tag="260" ind1=" " ind2=" ">
    <subfield code="a"> Siena,</subfield>
    <subfield code="b">Cantagalli,</subfield>
    <subfield code="c">2000</subfield>
  </datafield>
  <datafield tag="300" ind1=" " ind2=" ">
    <subfield code="a">pp. 343</subfield>
  </datafield>
  <datafield tag="500" ind1=" " ind2=" ">
    <subfield code="a"> pastorale-familiare, verginit&#xE0;, matrimonio-sacramento, teologia, bibbia, magistero, religioni-non-cristiane </subfield>
  </datafield>
  <datafield tag="520" ind1=" " ind2=" ">
    <subfield code="a">L'Ufficio nazionale per la pastorale familiare della CEI sin dal 1997 ha avvertito l'esigenza di approfondire il tema della reciprocit&#xE0; vocazionale esistente tra i fedeli chiamati a seguire Cristo nel matrimonio e nella verginit&#xE0;. Da tale esigenza sono scaturiti finora tre seminari di studio, gli atti dell'ultimo dei quali sono contenuti nel presente volume. Il dibattito ha fornito una ricostruzione della problematica matrimonio-verginit&#xE0; sotto il profilo biblico (G. Bruni), storico-teologico (M. Aliotta), liturgico (L. Crociani), ecclesiologico (C. Militello), antropologico (C. Valenziano).</subfield>
  </datafield>
  <datafield tag="650" ind1=" " ind2=" ">
    <subfield code="a">Pastorale-familiare</subfield>
    <subfield code="e">012</subfield>
  </datafield>
  <datafield tag="654" ind1=" " ind2=" ">
    <subfield code="a">atti</subfield>
  </datafield>
  <datafield tag="700" ind1=" " ind2=" ">
    <subfield code="a">Aliotta M., Bartolini E., Bruni G., Crociani L., Danese A., Di Nicola G.P., Militello C., Palumbo E.,  Torti R., Vasciaveo C., Valenziano C. </subfield>
    <subfield code="9">62500</subfield>
  </datafield>
  <datafield tag="942" ind1=" " ind2=" ">
    <subfield code="c">BK</subfield>
    <subfield code="2">ddc</subfield>
  </datafield>
  <datafield tag="999" ind1=" " ind2=" ">
    <subfield code="c">212316</subfield>
    <subfield code="d">212316</subfield>
  </datafield>
  <datafield tag="999" ind1=" " ind2=" ">
    <subfield code="b">si</subfield>
  </datafield>
  <datafield tag="952" ind1=" " ind2=" ">
    <subfield code="0">0</subfield>
    <subfield code="1">0</subfield>
    <subfield code="4">0</subfield>
    <subfield code="6">B_489432128</subfield>
    <subfield code="7">1</subfield>
    <subfield code="a">CISF</subfield>
    <subfield code="b">CISF</subfield>
    <subfield code="d">2016-10-14</subfield>
    <subfield code="l">0</subfield>
    <subfield code="o">b4894-32128 </subfield>
    <subfield code="r">2016-10-14 00:00:00</subfield>
    <subfield code="w">2016-10-14</subfield>
    <subfield code="y">BK</subfield>
    <subfield code="z">Data import 15.10.2016 / by Epidotti, Vaglietti</subfield>
  </datafield>
</record>
